Statistics for Most Famous People by First Name #6

Click here to take the quiz!

General Stats

  • This quiz has been taken 53 times
  • The average score is 7 of 60

Answer Stats

Answer% Correct
Alonso
42%
I
42%
I
42%
Stiller
38%
Duke of Sussex
31%
Smith
31%
Bush
24%
Stravinsky
24%
S. Truman
24%
Wilde
24%
Affleck
22%
Verdi
22%
Mendes
20%
Tolstoy
20%
Aurelius
18%
Burton
18%
Rashford
18%
XIII
18%
Kane
16%
Torres
16%
Garibaldi
13%
Kingsley
13%
Mendelssohn
13%
Orbán
13%
Beckett
11%
Böll
9%
Ravel
9%
Stanwyck
9%
Berners-Lee
7%
Heine
7%
Luis Borges
7%
Zweig
7%
Montgomery
4%
Morse
4%
Taylor Coleridge
4%
Akinfeyev
2%
Niemeyer
2%
of Clairvaux
2%
Pessoa
2%
Rafael Videla
2%
W. F. Hegel
2%
Wilkins
2%
Yanukovych
2%
Amado
0%
Arias
0%
Banach
0%
Bloch
0%
Cahill
0%
Cantor
0%
Conte
0%
Hertz
0%
Katz
0%
Licinius Crassus
0%
Löfven
0%
Maeterlinck
0%
McClintock
0%
Ohm
0%
Tamm
0%
Worthington
0%
Yushchenko
0%

Score Distribution

Percentile by Number Answered

Percent of People with Each Score

Your Score History

You have not taken this quiz